Quizzes
Events
Quiz Creation
Community
Videos
Private Events
Remove Ads
Sign In
Join for FREE
Feedback
Dark Mode
Quiz Categories
Sports
Geography
Music
Movies
Television
Just For Fun
Miscellaneous
History
Literature
Language
Science
Gaming
Entertainment
Religion
Holiday
For Kids
Quiz Lab
Recent
Popular Today
Quiz Kudos Today
Editor Picks
Curator Picks
Quizzes by...
Day
Popularity
Type
Ratings
Length
Year
Community
Subscriptions
Recent Discussions
Orange Saloon
Badges
Playlists
Quests
Create
Leaderboards
Showdown
Live 5
Trivia Bingo
Activity
Puzzle Library
Sporcle Events
Private Events
Virtual Trivia
Globe League
Become a Host
Pub Owners
SporcleCon
Opinionation
Our Games
Videos
Blog
Mobile Apps
Partnerships
Remove Ads and Go Orange
Feedback
Sports
Athletes
MLB
NBA
NHL
NFL
Soccer
Sports Teams
WWE
NCAA
Football
Premier League
Basketball
Baseball
Hockey
Golf
Tennis
Cricket
Rugby
Auto Racing
Olympics
World Cup
Sports
Athletes
MLB
NBA
NHL
NFL
Soccer
Sports Teams
WWE
NCAA
Football
Premier League
Basketball
Baseball
Hockey
Golf
Tennis
Cricket
Rugby
Auto Racing
Olympics
World Cup
Random Quiz
Search Sporcle
×
Quiz Lab
Quiz Lab
Sports
Premier League
Type in answers that appear in a list
Type in answers that appear in a list
Classic
Best Score? Go Orange.
2015/16 Premier League Yellow Carded Players Stats
Can you name the 2015/16 Premier League Yellow Carded Players?
By
wweguy
10m
49 Questions
49 Plays
49 Plays
49 Plays
Comments
Comments
Give Quiz Kudos
Give Quiz Kudos
-
- Ratings
hide this ad
Replay
Link that replays current quiz
Next Quiz
Link to next quiz in quiz playlist
You Got
0%
They Got
Avg Score
34%
Avg Friend Score
Upgrade to see
Score Distribution
Jump to the score distribution portion of the page
Score
0/49
Timer
10:00
0
Plays Today
Yellow Cards
Player
% Correct
8
Diego Costa
85.7%
9
Eric Dier
73.5%
8
Jonjo Shelvey
71.4%
6
Kyle Walker
70.4%
8
Robert Huth
69.4%
6
Fernandinho
69.4%
8
James Milner
69.4%
8
Chris Smalling
63%
6
Troy Deeney
63%
8
Emre Can
61.2%
7
Dele Alli
61.2%
7
Nicolas Otamendi
59.3%
6
Danny Rose
59.3%
8
Mark Noble
55.6%
8
Ashley Williams
55.6%
7
Scott Dann
51%
8
Billy Jones
49%
8
Eliaquim Mangala
49%
10
Jack Colback
46.9%
6
Cesar Azpilicueta
44.4%
10
Alexander Tettey
42.9%
7
Yohan Cabaye
42.9%
8
Claudio Yacob
38.8%
7
Erik Lamela
38.8%
6
Lee Cattermole
37%
Yellow Cards
Player
% Correct
6
Ashley Westwood
37%
6
Mile Jedinak
37%
9
Erik Pieters
36.7%
7
Chris Brunt
34.7%
7
Etienne Capoue
34.7%
6
Oriol Romeu
29.6%
6
Jordan Ayew
29.6%
6
Gylfi Sigurdsson
29.6%
8
Matteo Darmian
26.5%
6
Alan Hutton
25.9%
6
Miguel Angel Britos
25.9%
8
Lucas Leiva
24.5%
8
Allan Nyom
24.5%
7
Jonny Howson
24.5%
6
Ryan Bertrand
24.5%
9
Idrissa Gueye
22.4%
6
Fabio Borini
22.2%
6
Harry Arter
20.4%
6
Dan Gosling
18.4%
6
Vurnon Anita
14.8%
6
Gary O'Neil
14.8%
7
Leandro Bacuna
14.3%
6
James McClean
14.3%
6
Ryan Benett
2%
Quiz Playlist
Details
Report
Send in Message
Add To Playlist
Classic:
Type in answers that appear in a list
Last Updated: Feb 16, 2017
Quiz Scoreboard
CHALLENGE
Sign Up to Join the Scoreboard
Show All
Scores
Hide
Comments
May contain spoilers
Recently Published
9x9 Crossword: Cartoon Network
by jackfrog10
Miscellaneous
3m
College Basketball Coaching Resumes
by pancakes188
Sports
9m
Billboard Blitz: Fleetwood Mac
by CooCooCachoo
Music
15s
More to Explore
Quiz From the Vault
Featured Blog Post
Where Did the Easter Bunny Come From?
hide this ad
You Might Also Like...
Tags
Premier League Quiz
2015
Carded
League
Player
Premier
team
Yellow
Today's Top Quizzes in Sports
Browse Sports
hide this ad
Today's Top Quizzes in Premier League
Browse Premier League
Top Contributed Quizzes in Sports
1
2022 World Cup Stars
2
Les meilleurs buteurs des matchs entre le PSG et l’OM
3
FIFA Club World Cup Champions
4
Les entraîneurs de l'OM et du PSG au 21e siècle
5
Criteria MLB: Left Handed Sluggers
6
2023 MLB Unique Player Accomplishments
7
AFC Teams Reveal (Wrong Answers Minefield)
8
Players with Multiple 50 Home Run Seasons
9
5-to-1: FBS Animal Nicknames
10
5-to-1: UK Sports Teams
Explore More
Trending Topics
NBA
Crossword
Kpop
Marvel
Disney
Harry Potter
Anime
Country
WWE
Soccer
The Office
NFL
Puzzle
Song
Pokémon
hide this ad
More By:
wweguy
Quiz
Plays
Rating
Category
Featured
Created
EastEnders Characters
3,636
5.00
Television
Mar 24, 2016
Chelsea FC Squad 2020/21
1,022
Sports
Sep 8, 2020
Middlesbrough FC Squad
506
5.00
Sports
Nov 26, 2016
Manchester City Squad
494
3.50
Sports
Mar 20, 2016
Chelsea FC Squad
476
5.00
Sports
Mar 20, 2016
Go to Creator's Profile
Score Distribution
Quiz Creator Spotlight
wweguy
Follow
Send a Message
Quizzes Created
-
Created Quiz Play Count
-
More By This Creator
Popular Quizzes Today
1
Find the US States - No Outlines Minefield
2
Find the Countries of Europe - No Outlines Minefield
3
The Countries of the World
4
Find the US States
5
Risky Map Clicking: Biggest States A-Z
6
US States
7
Popular People in 1961
8
Movies - When Are They Set?
More Sports Quizzes
Cubs Yearly Top 5 RBI's
Quiz Lab
Trending Quizzes
Risky Map Clicking: Least Populous States A-Z
1-10 Letter G Words
Risky Map Clicking: Next State Alphabetically
Adjectives in 80s TV Shows
Risky Map Clicking: Biggest States A-Z
Recently Updated
Leaping Animals
pecheneg
Reality TV Shows (A-Z)
bhenderson79
Rickey Henderson's Hall of Fame Teammates
pecheneg
Champions League XIs: Arsenal
pecheneg
Quick Pick: Celebrities in WWE's Hall of Fame
aduchscher
A-Z Keypad Blitz II
pecheneg
Multiple Oscar Actors
pecheneg
Mystery Phrase Blitz: Oscar 'Best Actors'
pecheneg
F. Scott Fitzgerald Novels
LTH
Pick 3 Villains
ddd62291
Trending Topics
Harry Potter
Marvel
Anime
NBA
Crossword
Kpop
Disney
Soccer
The Office
Country
Puzzle
Pokémon
WWE
NFL
Song
Your Account Isn't Verified!
In order to create a playlist on Sporcle, you need to verify the email address you used during registration. Go to your
Sporcle Settings
to finish the process.
Report this User
Report this user for behavior that violates our
Community Guidelines
.
Details:
Send Report
Go to the Sporcle.com Mobile Site →
Comments